000097830 001__ 97830
000097830 005__ 20210118122856.0
000097830 037__ $$aTAZ-TFG-2020-3724
000097830 041__ $$aspa
000097830 1001_ $$aAznar Yubero, María
000097830 24200 $$aComparative analysis of Late Motiv and Las que faltaban from an equality perspective.
000097830 24500 $$aAnálisis comparativo de Late Motiv y Las que faltaban desde una perspectiva de igualdad.
000097830 260__ $$aZaragoza$$bUniversidad de Zaragoza$$c2020
000097830 506__ $$aby-nc-sa$$bCreative Commons$$c3.0$$uhttp://creativecommons.org/licenses/by-nc-sa/3.0/
000097830 520__ $$aLa parrilla televisiva ofrece una multitud de formatos, que incluye el late night. Esta franja horaria que tradicionalmente ha sido dominada por los hombres acoge en 2019 la llegada del primer late creado y dirigido por mujeres, Las que faltaban. El presente trabajo tiene por objeto hallar diferencias sustanciales entre este novedoso programa y Late Motiv, un late night dirigido por hombres, para evidenciar si la igualdad de género todavía es una tarea pendiente. Para ello, se elabora un análisis comparativo entre ambos espacios y se toman como muestra tres emisiones de cada uno. Primeramente, se estudian las características del formato y después se realiza un análisis del discurso, que atiende a las temáticas abordadas e intención, lenguaje y humor empleados. En conclusión, es positiva la creación de programas que apuesten por un formato renovado, difusor de ideas feministas y con mujeres al mando, ya que en Late Motiv esto no tiene cabida; prueba de la falta de equidad todavía existente. <br /><br />
000097830 521__ $$aGraduado en Periodismo
000097830 540__ $$aDerechos regulados por licencia Creative Commons
000097830 700__ $$aGómez y Patiño, María$$edir.
000097830 7102_ $$aUniversidad de Zaragoza$$b $$c
000097830 8560_ $$f740455@unizar.es
000097830 8564_ $$s357716$$uhttps://zaguan.unizar.es/record/97830/files/TAZ-TFG-2020-3724.pdf$$yMemoria (spa)
000097830 909CO $$ooai:zaguan.unizar.es:97830$$pdriver$$ptrabajos-fin-grado
000097830 950__ $$a
000097830 951__ $$adeposita:2021-01-18
000097830 980__ $$aTAZ$$bTFG$$cFFYL
000097830 999__ $$a20200914100921.CREATION_DATE